000 00666nam a2200289Ia 4500
005 20260324150821.0
008 008 260324s9999 xx 000 0 eng d
020 _a9781315009605
037 _aEBOOK
040 _aCRL
040 _beng
040 _cCRL
041 _2eng
041 _aeng
084 _qCRL
100 _aM.M. Lewis
_91227714
245 0 _aInfant Speech
245 2 _bA Study of the Begiinings of Language
260 _bTaylor and Francis
260 _c1936
365 _a
365 _b540
856 _uhttp://www.taylorfrancis.com/books/9781315009605
942 _cEBOOK
999 _c1837842
_d1837842